Disney Movie Quotes II Quiz Stats

 Plays Quiz Updated Jun 21, 2015

Challenge
Share
Tweet
Embed
Score 0/24 Timer 06:00
1 Play Today
% Correct
Cinderella
91.8%
Snow White and the Seven Dwarfs
90.6%
Frozen
88.3%
The Princess and the Frog
86.1%
The Little Mermaid
79.7%
The Hunchback of Notre Dame
79.4%
Aladdin
77.7%
Beauty and the Beast
73.9%
The Lion King
73.7%
Brother Bear
73.6%
Lilo and Stitch
68.2%
Big Hero 6
66.3%
% Correct
The Jungle Book
61%
Peter Pan
56.3%
Alice in Wonderland
56.3%
Wreck-It Ralph
55.8%
Mulan
52.3%
Pocahontas
51.3%
Meet the Robinsons
46.4%
Tangled
43.6%
Bambi
42.5%
Atlantis
42%
Tarzan
39.1%
The Aristocats
35.5%

You're not logged in!

Compare scores with friends on all Sporcle quizzes.
Join for Free
OR
Log In

You Might Also Like...

Show Comments

Extras

Top Quizzes Today


Score Distribution

Your Account Isn't Verified!

In order to create a playlist on Sporcle, you need to verify the email address you used during registration. Go to your Sporcle Settings to finish the process.

Report this User

Report this user for behavior that violates our Community Guidelines.

Details: